00549 2200193 4500001002100000005001500021035002000036007000300056008004100059082001100100084001700111100001000128245010900138260003200247300002100279650002500300856001400325990001600339INLIS00000000000623720240819112440 a0010-0921000233ta240819 0 ind  a308.02 a308.02 WUK p0 aWukir1 aPeraturan Pemerintah Repoblik Indonesia Nomor 19 Tahun 2005 tentang Standar Nasional Pendidikan /cWukir aJakarta :bDepdiknas,c2005 a106 hlm ;c21 cm 4aperaturan pemerintah aKelas 308 a00000008637